Hoeveel Centraal Stations zijn er in Nederland 2024 - Sudden Death - Statistieken

Algemene statistieken
  • Deze quiz is 24 keer genomen
  • De gemiddelde score is 5 van 8
Answers on the Grid
Answers color-coded by a green-red scale on the quiz's grid according to % correct below.
Groningen
Arnhem
Nijmegen
Gouda
Den Haag
Rotterdam
Breda
Zwolle
Leiden
Roosendaal
Amsterdam
Eindhoven
Amersfoort
Den Bosch
Haarlem
Utrecht
Vlissingen
Alkmaar
 
Antwoordstatistieken
Antwoord % Correct
Amsterdam
82%
Den Haag
76%
Rotterdam
71%
Utrecht
71%
Arnhem
65%
Eindhoven
65%
Amersfoort
59%
Leiden
47%
Geen overeenkomende quizzen gevonden
Scoreverdeling
Procent van Mensen met Elke Score
Percentiel versus Aantal Correcte Antwoorden
Uw Scoregeschiedenis
U heeft deze quiz nog niet genomen